Conversaciones con Lord Byron sobre perversión : (Record no. 120762)
[ view plain ]
| 000 -LEADER | |
|---|---|
| fixed length control field | 00938cam a2200241 4500 |
| 008 - FIXED-LENGTH DATA ELEMENTS--GENERAL INFORMATION | |
| fixed length control field | 051010t20022002sp 000 f spa u |
| 020 ## - INTERNATIONAL STANDARD BOOK NUMBER | |
| International Standard Book Number | 8484531023 |
| 100 1# - MAIN ENTRY--PERSONAL NAME | |
| Personal name | Prantera, Amanda |
| 245 10 - TITLE STATEMENT | |
| Title | Conversaciones con Lord Byron sobre perversión : |
| Remainder of title | 163 años después de su ilistrísima muerte / |
| Statement of responsibility, etc | Amanda Prantera ; tr. de I. L. P. |
| 250 ## - EDITION STATEMENT | |
| Edition statement | 1a ed. |
| 260 ## - PUBLICATION, DISTRIBUTION, ETC. (IMPRINT) | |
| Place of publication, distribution, etc | Barcelona, España : |
| Name of publisher, distributor, etc | Ediciones del Bronce, |
| Date of publication, distribution, etc | 2002. |
| 300 ## - PHYSICAL DESCRIPTION | |
| Extent | 206 p. ; |
| Dimensions | 22 cm. |
| 440 #0 - SERIES STATEMENT/ADDED ENTRY--TITLE | |
| Title | Cuadernos del Bronce. |
| Name of part/section of a work | Pérfidos del bronce ; |
| Volume number/sequential designation | No. 90 |
| 500 ## - GENERAL NOTE | |
| General note | Traducción de: Conversations with lord Byron on perversion, 163 years after his lordship's death |
| 506 ## - RESTRICTIONS ON ACCESS NOTE | |
| Terms governing access | Rec. prop. esc. |
| 600 14 - SUBJECT ADDED ENTRY--PERSONAL NAME | |
| Personal name | Bayron, George Gordon, |
| Titles and other words associated with a name | Barón, |
| Dates associated with a name | 1788-1824 |
| Form subdivision | Novela |
| 650 #4 - SUBJECT ADDED ENTRY--TOPICAL TERM | |
| Topical term or geographic name as entry element | Desviaciones sexuales |
| Form subdivision | Novela |
| 650 #4 - SUBJECT ADDED ENTRY--TOPICAL TERM | |
| Topical term or geographic name as entry element | Conversaciones imaginarias |
| 700 0# - ADDED ENTRY--PERSONAL NAME | |
| Personal name | I. L. P., tr. |
| 942 ## - ADDED ENTRY ELEMENTS (KOHA) | |
| Source of classification or shelving scheme | Biblioteca del Cogreso de los Estados Unidos |
| Koha item type | Libro |
| Estado de pérdida | Fuente de clasificación | Estado del daño | No para préstamo | Ubicación permanente | Ubicación actual | Apartado o colección | Fecha de adquisición | Edición | Dependencia de educación superior (DES) | Área del conocimiento | Clasificación | Código de Barras | Date last seen | Número de copia | Tipo de recurso |
|---|---|---|---|---|---|---|---|---|---|---|---|---|---|---|---|
| Biblioteca del Cogreso de los Estados Unidos | Biblioteca de la Facultad de Filosofía | Biblioteca de la Facultad de Filosofía | General | 07/11/2016 | 1a. ed. | Humanidades | Educación y Humanidades | PR4354.S6 P73 2002 | BFF000020196 | 07/11/2016 | c.1 | Libro |